00000000nam 2200000zi 4500
0019.937580
003CaOODSP
00520250408122102
006m     o  d f      
007cr cn|||||||||
008240430t20252025onc     ob   f000 0 eng d
020 |a9780660716640
040 |aCaOODSP|beng|erda|cCaOODSP
043 |an-cn---
045 |ay2y2
0861 |aA118-10/31-2023E-PDF
24500|aCrop profile for lowbush blueberry in Canada, 2023 / |cprepared by Pesticide Risk Reduction Program, Pest Management Centre, Agriculture and Agri-Food Canada.
250 |aSixth edition - 2025.
264 1|a[Ottawa] : |bAgriculture and Agri-Food Canada = Agriculture et agroalimentaire Canada, |c[2025]
264 4|c©2025
300 |a1 online resource (56 pages)
336 |atext|btxt|2rdacontent
337 |acomputer|bc|2rdamedia
338 |aonline resource|bcr|2rdacarrier
500 |aCover title.
500 |aIssued also in French under title: Profil de la culture du bleuet nain au Canada, 2023.
504 |aIncludes bibliographical references (pages 55-56).
520 |a"The lowbush blueberry, also known as wild blueberry, is a perennial, native fruiting plant that grows in north-eastern North America. It is a member of the Ericaceae or Heath family. The crop is unique in that it is harvested from managed, wild stands, unlike the highbush blueberry that is planted and maintained in an orchard. Harvested lowbush blueberry species include Vaccinium angustifolium and V. myrtilloides. V. angustifloium comprises most of the harvested lowbush blueberry in Canada"--Page 1.
650 0|aVaccinium angustifolium|xDiseases and pests|xControl|zCanada.
650 0|aVaccinium angustifolium|xDiseases and pests|zCanada.
650 0|aBlueberry industry|zCanada.
7101 |aCanada. |bAgriculture and Agri-Food Canada, |eissuing body.
7102 |aPesticide Risk Reduction Program (Canada), |eissuing body.
77508|tProfil de la culture du bleuet nain au Canada, 2023 / |w(CaOODSP)9.937581
795 |tCrop profile for lowbush blueberry in Canada, 2020 / |w(CaOODSP)9.896757
85640|qPDF|s945 KB|uhttps://publications.gc.ca/collections/collection_2025/aac-aafc/A118-10-31-2023-eng.pdf